Economics of accounting (Registro nro. 90915)
[ vista simple ]
| 000 -ENCABEZADO | |
|---|---|
| Número de control [NR] | 01148nam a22002897a 4500 |
| 008 - DE LONGITUD FIJA DE DATOS DE ELEMENTOS - INFORMACIÓN GENERAL | |
| Elementos de longitud fija [NR] | 130821s2003 xxua gr eng |
| 020 ## - NUMERO INTERNACIONAL NORMALIZADO PARA LIBROS [R] | |
| Número Internacional Normalizado del libro [NR] | 038726597X |
| Términos de disponibilidad [NR] | v. 2 |
| 020 ## - NUMERO INTERNACIONAL NORMALIZADO PARA LIBROS [R] | |
| Número Internacional Normalizado del libro [NR] | 1402072295 |
| Términos de disponibilidad [NR] | v. 1 |
| 040 ## - FUENTE DE CATALOGACION [NR] | |
| Agencia de catalogación original [NR] | Co-BoUCM |
| Idioma de catalogación [NR] | spa |
| 041 00 - CODIGO DE IDIOMA [R] | |
| Código de idioma para texto/pista de sonido o título separado [R] | Inglés |
| 100 1# - ASIENTO PRINCIPAL--NOMBRE PERSONAL [NR] | |
| Nombre personal [NR] | Christensen, Peter Ove. |
| ID Autoridad | 171568 |
| 245 10 - MENCION DE TITULO [NR] | |
| Título [NR] | Economics of accounting |
| Mención de responsabilidad, etc. [NR] | Peter O. Christensen, Gerald A. Feltham |
| 260 ## - PUBLICACION, DISTRIBUCION, ETC. (PIE DE IMPRENTA) [R] | |
| Lugar de publicación, distribución, etc. [R] | Boston (Massachusetts, Estados Unidos) |
| Nombre del editor, distribuidor, etc. [R] | Kluwer Academic Publishers |
| Fecha de publicación, distribución, etc. [R] | c2003-c2005 |
| 300 ## - DESCRIPCION FISICA [R] | |
| Extensión [R] | 2 volúmenes |
| Otros detalles físicos [NR] | ilustraciones |
| 490 #0 - MENCION DE SERIE [R] | |
| Mención de serie [R] | Kluwer series in accounting scholarship |
| Designación numérica/secuencial del volumen [NR] | 1 |
| 490 #0 - MENCION DE SERIE [R] | |
| Mención de serie [R] | Springer series in accounting scholarship |
| Designación numérica/secuencial del volumen [NR] | v. 2 |
| 504 ## - NOTA DE BIBLIOGRAFIA, ETC. [R] | |
| Nota de bibliografía, etc. [NR] | |
| 505 0# - NOTA DE CONTENIDO CON FORMATO PREESTABLECIDO [R] | |
| Nota de contenido con formato preestablecido [NR] | v. 1. Information in markets -- v. 2. Performance evaluation. |
| 650 04 - ASIENTO SECUNDARIO DE MATERIA - TERMINO TEMATICO [R] | |
| Término temático o nombre geográfico como elemento de entrada [NR] | Administración de empresas |
| 9 (RLIN) | 435 |
| 650 04 - ASIENTO SECUNDARIO DE MATERIA - TERMINO TEMATICO [R] | |
| Término temático o nombre geográfico como elemento de entrada [NR] | Contabilidad |
| 9 (RLIN) | 7449 |
| 650 04 - ASIENTO SECUNDARIO DE MATERIA - TERMINO TEMATICO [R] | |
| Término temático o nombre geográfico como elemento de entrada [NR] | Economía |
| 9 (RLIN) | 174 |
| 650 04 - ASIENTO SECUNDARIO DE MATERIA - TERMINO TEMATICO [R] | |
| Término temático o nombre geográfico como elemento de entrada [NR] | Microeconomía |
| 9 (RLIN) | 19488 |
| 700 1# - ASIENTO SECUNDARIO - NOMBRE PERSONAL [R] | |
| Nombre personal [NR] | Feltham, Gerald A. |
| Fechas asociadas con el nombre [NR] | 1938- |
| 9 (RLIN) | 171569 |
| 856 42 - LOCALIZACION Y ACCESO ELECTRONICOS [R] | |
| Especificación de los materiales [NR] | Publicador |
| Identificador Uniforme del Recurso (“URI”) [R] | <a href="http://www.loc.gov/catdir/enhancements/fy0663/2002032064-d.html">http://www.loc.gov/catdir/enhancements/fy0663/2002032064-d.html</a> |
| 942 ## - ELEMENTOS DE ENTRADA AGREGADOS (KOHA) | |
| Tema principal | Administración |
| Edición | 1 |
| Prefijo de la signatura top. (colección) | Colección - Referencia |
| Parte restante de la signatura top. | C554e |
| Tipo de ítem principal el descrito en 300a | Libro |
| Sistema de clasificación | DEWEY |
| Clasificación | 657 |
| Fecha de último préstamo | Signatura topográfica | Código de barras | Última vez visto | Volúmen / Fascículo | Ejemplar | Price effective from | Tipo de ítem | Perdido | Sistema de clasificación | Dañado | No prestable | Tipo de ítem específico | Suprimido | Ubicación habitual | Ubicación actual | Localización | Fecha de creación | Forma de adquisición | Costo |
|---|---|---|---|---|---|---|---|---|---|---|---|---|---|---|---|---|---|---|---|
| 04/03/2007 | R 657 C554e | 100082239 | 31/07/2025 | V.2 | Ej.1 | 03/02/2013 | Libro | DEWEY | Libro | Claustro | Procesos Técnicos (no para préstamo) | 2do piso | 30/09/2007 | Compra | 108.36 |